Online Catalogue and eLibrary

Yālpāna Ilainr Congress (Record no. 5738)

MARC details
000 -LEADER
fixed length control field 00443nam a2200181Ia 4500
005 - DATE AND TIME OF LATEST TRANSACTION
control field 20250220025303.0
008 - FIXED-LENGTH DATA ELEMENTS--GENERAL INFORMATION
fixed length control field 240331s9999 xx 000 0 und d
020 ## - INTERNATIONAL STANDARD BOOK NUMBER
ISBN 9789556593167
082 ## - DDC Classification
Item Number - Author Mark KAD
DDC Edition Number 6720
Class No. 950
100 ## - MAIN ENTRY--PERSONAL NAME
Personal name Kadirgamar, S
245 #0 - TITLE STATEMENT
Title Yālpāna Ilainr Congress
260 ## - PUBLICATION, DISTRIBUTION, ETC.
Place of publication, distribution, etc. Colombo;
-- Chennai
Name of publisher, distributor, etc. Kumaran Book House
Date of publication, distribution, etc. 2012
300 ## - PHYSICAL DESCRIPTION
Extent (e.g. Volumes, Pages etc.) xxi, 161 p.,
650 ## - SUBJECT ADDED ENTRY--TOPICAL TERM
Topical term or geographic name entry element Jaffna
650 ## - SUBJECT ADDED ENTRY--TOPICAL TERM
Topical term or geographic name entry element Caste
650 ## - SUBJECT ADDED ENTRY--TOPICAL TERM
Topical term or geographic name entry element Youth
942 ## - Koha item type (Biblio)
Koha item type Books in Stacks (Lending)
Holdings
Lost status Damaged status Collection code Home library Current library Shelving location Date acquired Full call number Accession Number Item type
    Lending WERC Library WERC Library Social Science Cupboard 03/31/2024 950 KAD 6720 Books in Stacks (Lending)

© WERC Library